2025 F1 GRID - Statistics

General Stats
  • This quiz has been taken 43 times
  • The average score is 16 of 20
Answer Stats
Hint Answer % Correct
Ferrari Hamilton
97%
McLaren Norris
97%
Ferrari Leclerc
93%
McLaren Piastri
93%
Red Bull Verstappen
93%
Mercedes Russell
86%
Aston Martin Alonso
83%
AstonMartin Stroll
83%
Williams Albon
79%
Mercedes Antonelli
79%
Sauber Hulkenberg
79%
Williams Sainz
79%
Alpine Gasly
76%
RB Tsunoda
76%
Red Bull Lawson
72%
Haas Ocon
72%
Haas Bearman
69%
Sauber Bortoleto
69%
Alpine Doohan
69%
RB Hadjar
69%
No matching quizzes found
Score Distribution
Percent of People with Each Score
Percentile by Number Answered
Your Score History
You have not taken this quiz